Budapest légiháborús tűzkeresztsége = The baptism of fire in the air war of Budapest

The Hungarian capital was not hit by an air attack until September 1942. At the time of the First Vienna Award, the attack on Yugoslavia and the entry into the war against the Soviet Union, there were air raid alarms in Budapest, but no bombing took place. In August-September 1942, the Soviet strate...

Teljes leírás

Elmentve itt :
Bibliográfiai részletek
Szerző: Olasz Lajos
Dokumentumtípus: Cikk
Megjelent: Belvedere Meridionale Szeged 2022
Sorozat:Belvedere Meridionale 34 No. 4
Kulcsszavak:Budapest története - 1942-1944, Légvédelem - Magyarország, Légierő - szovjet - Magyarország
Tárgyszavak:
doi:10.14232/belv.2022.4.6

Online Access:http://acta.bibl.u-szeged.hu/78039
LEADER 02143nab a2200241 i 4500
001 acta78039
005 20230116140530.0
008 230116s2022 hu o 0|| hun d
022 |a 2064-5929 
024 7 |a 10.14232/belv.2022.4.6  |2 doi 
040 |a SZTE Egyetemi Kiadványok Repozitórium  |b hun 
041 |a hun 
041 |a eng 
100 1 |a Olasz Lajos 
245 1 0 |a Budapest légiháborús tűzkeresztsége = The baptism of fire in the air war of Budapest  |h [elektronikus dokumentum] /  |c  Olasz Lajos 
260 |a Belvedere Meridionale  |b Szeged  |c 2022 
300 |a 102-118 
490 0 |a Belvedere Meridionale  |v 34 No. 4 
520 3 |a The Hungarian capital was not hit by an air attack until September 1942. At the time of the First Vienna Award, the attack on Yugoslavia and the entry into the war against the Soviet Union, there were air raid alarms in Budapest, but no bombing took place. In August-September 1942, the Soviet strategic air force launched attacks against Berlin and the capitals of the satellite states of the Third Reich. Budapest was bombed on the night of September 4 and 9. A total of 122 machines participated in the 2 campaigns. The Soviet planes flew 1,400–1,500 km from their base to the Hungarian capital, both times in bad weather conditions, so only half of the planes reached the destination. The bombs dropped from a great height without precise targeting caused only minor material damage, the personal loss was 18 dead and 84 wounded. The first attack hit Budapest unexpectedly. Until now, the Hungarian capital lived in the deceptive illusion that nothing bad could happen to him. At the time of the second attack, the military air defence and civil air raid precaution were already better prepared. In the following weeks, additional defensive measures were taken, but no further bombing occurred until 1944. 
650 4 |a Bölcsészettudományok 
650 4 |a Történettudomány és régészet 
695 |a Budapest története - 1942-1944, Légvédelem - Magyarország, Légierő - szovjet - Magyarország 
856 4 0 |u http://acta.bibl.u-szeged.hu/78039/1/belvedere_2022_004_102-118.pdf  |z Dokumentum-elérés